000
00324nam a22001337a 4500
003
SGT
020
_a
8171321291
082
_a
378.106,SHA
100
_a
SHARMA S.R.
245
_a
FUNDING AND FINANCIAL MANAGEMENT OF WORLD HIGHER EDUCATION
260
_a
JAIPUR
_b
POINTER PUBLISHARS
_c
1997
300
_a
290
942
_2
ddc
_c
BK
999
_c
33667
_d
33667